Variétés d'animaux #1 - Statistiques

Statistiques générales
  • Ce quiz a été pris 16 908 fois
  • Le résultat moyen est 12 sur 20
Statistiques - réponses
Variétés Animal % Correct
Cobra, anaconda, python Serpent
100%
Babouin, gibbon, tamarin Singe
97%
Marteau, tigre, pèlerin Requin
94%
De terre, solitaire, ascaris Ver
80%
Royal, ravisseur, impérial Aigle
79%
Manta, léopard, pastenague Raie
74%
Hulotte, effraie, lapone Chouette
73%
Luth, géante des Galápagos, matamata Tortue
68%
Vampire, noctule, oreillard Chauve-souris
67%
Holstein, Aubrac, limousine Vache
64%
Empereur, Adélie, de Magellan Manchot
61%
Colvert, souchet, pilet Canard
60%
Roux, tamia, volant Écureuil
54%
Rouge, légionnaire, coupe-feuille Fourmi
44%
Monarque, citron, machaon Papillon
41%
Bousier, hanneton, japonais Scarabée
39%
Élaphe, de Virginie, sika Cerf
24%
Indien, blanc, de Sumatra Rhinocéros
15%
À crinière de lion, boîte, aurélie Méduse
12%
Moine, annelé, à capuchon Phoque
9%
Aucun quiz correspondant
Distribution des résultats
% des personnes avec chaque résultat
Percentile par nombre de réponses
Votre historique - résultats
Vous n’avez pas pris ce quiz